Tools for thought
Uloženo v:
| Hlavní autor: | |
|---|---|
| Médium: | Kniha |
| Jazyk: | Undetermined |
| Vydáno: |
United Kingdom
Paladin
1977
|
| Témata: | |
| Tagy: |
Přidat tag
Žádné tagy, Buďte první, kdo otaguje tento záznam!
|
| Thư viện lưu trữ: | Trung tâm Học liệu Trường Đại học Cần Thơ |
|---|
| LEADER | 00441nam a2200169Ia 4500 | ||
|---|---|---|---|
| 001 | CTU_78518 | ||
| 008 | 210402s9999 xx 000 0 und d | ||
| 082 | |a 153.4 | ||
| 082 | |b W118 | ||
| 100 | |a Waddington, C. H. | ||
| 245 | 0 | |a Tools for thought | |
| 245 | 0 | |c C. H. Waddington | |
| 260 | |a United Kingdom | ||
| 260 | |b Paladin | ||
| 260 | |c 1977 | ||
| 650 | |a Thought and thinking | ||
| 980 | |a Trung tâm Học liệu Trường Đại học Cần Thơ | ||